| 000 | 00811cam a22002411 4500 | ||
|---|---|---|---|
| 001 | 000012143 | ||
| 005 | 20200929162720.0 | ||
| 008 | 771212s1967 ag ag b 000 0 spa | ||
| 010 | _a68087208 | ||
| 035 | _a(OCoLC)3485975 | ||
| 040 |
_aDO-SdBNP _cFMFIU _dDLC |
||
| 042 | _apremarc | ||
| 050 | 0 | 0 |
_aMT898 _b.T57 |
| 100 | 2 |
_aTiraboschi de Grimm, Lita. _928697 |
|
| 245 | 1 | 3 | _aEl movimiento inducido en el nino pequeno y sus agentes. |
| 260 |
_aBuenos Aires, : _bEl Ateneo, _c[1967]. |
||
| 300 |
_a215 p. : _billus., music. ; _c20 cm. |
||
| 490 | 0 | _aBiblioteca "Nuevas orientaciones de la educacion" | |
| 500 | _aIncludes action songs, for piano, with words. | ||
| 504 | _aBibliography: p. [207]-212. | ||
| 650 | 0 |
_aMusic _xInstruction and study _xJuvenile. _928698 |
|
| 910 | _aCatalogación por copia / LC | ||
| 999 |
_c11808 _d11808 |
||